| 000 | 00639nam a2200181 4500 | ||
|---|---|---|---|
| 001 | 138902 | ||
| 003 | ES-MaACL | ||
| 007 | t| | ||
| 008 | 070214s1982 sp r ||||1| spa d | ||
| 100 | 1 |
_aSapena y Torres, Juan Bautista. _9103711 |
|
| 245 | 1 | 0 |
_aSirga _b: (obra póstuma) / _cJuan Bautista Sapena y Torres. |
| 260 |
_aAlicante : _bCaja de Ahorros Provincial, _c1982. |
||
| 300 |
_a104 p. ; _c22 cm. |
||
| 490 | 1 |
_aPublicaciones de la Caja de Ahorros Provincial ; _v94 |
|
| 830 | 0 | 0 |
_aPublicaciones de la Caja de Ahorros Provincial de Alicante _v94 _9186986 |
| 852 |
_aES-MaACL _jL-3406 _bR.104078 |
||
| 999 |
_c138902 _d138902 |
||